000
00335nam a22001457a 4500
020
_a
978-8120311343
041
_a
ENG
100
_a
Geankoplis .J .C
245
_a
Transport Processes And Unit Operations
250
_a
Third ED
260
_a
Delhi
_b
Prertice Hall of India
_c
1999
300
_a
921
650
_a
APE
856
_u
APE
999
_c
355
_d
355